Keringat dan semangat : mengabadikan kejayaan Kedah merebut Piala Malaysia 1990

Bibliographic Details
Format: Book
Published: Kuala Lumpur : Balai Penerbitan Nusa , 1991
Subjects:

MARC

LEADER 00000cam a2200000 7i4500
001 0000003741
002 000004031
005 20000330.0
020 |a 9839000004 
090 0 0 |a 920   |b KER 
245 0 0 |a Keringat dan semangat :   |b mengabadikan kejayaan Kedah merebut Piala Malaysia 1990   |c disusun oleh Daud Baharum 
260 |a Kuala Lumpur :   |b Balai Penerbitan Nusa ,   |c 1991 
300 |a 80p. :   |b ill. ;   |c 25cm. 
650 0 0 |a Footballer   |z Kedah 
650 0 0 |a Soccer teams   |z Kedah 
999 |a 037180   |b BUKU   |c MALAYSIANA   |e PERPUSTAKAAN KOMUNITI PETALING JAYA